| 000 | 00846nam a2200241 i 4500 | ||
|---|---|---|---|
| 001 | 147413 | ||
| 003 | ES-MaACL | ||
| 005 | 20250321175000.0 | ||
| 007 | t| | ||
| 008 | 070928s1978 sp ||||1| spa d | ||
| 080 | _a860 Gómez de la Serna, Ramón 1.06 | ||
| 080 | _a92 Gómez de la Serna, Ramón | ||
| 100 | 1 |
_aUmbral, Francisco, _d1932-2007 _9111971 |
|
| 245 | 1 | 0 |
_aRamón y las vanguardias / _cFrancisco Umbral ; prólogo de Gonzalo Torrente Ballester. |
| 260 |
_aMadrid : _bEspasa-Calpe, _c1978. |
||
| 300 |
_a246 p. : _bil. ; _c18 cm. |
||
| 490 | 1 |
_aSelección Austral ; _v50 |
|
| 600 | 1 | 4 |
_aGómez de la Serna, Ramón, _d1888-1963 _957901 |
| 700 | 1 |
_aTorrente Ballester, Gonzalo, _d1910-1999 _9110850 |
|
| 830 | 0 |
_aSelección Austral ; _v50 _9220927 |
|
| 852 |
_aES-MaACL _jA-10266 _bR.99447 |
||
| 999 |
_c147413 _d147413 |
||